[Event "Muscat-ch op"]
[Site "Muscat"]
[Date "2024.12.31"]
[Round "9"]
[White "Al Kindi, Said"]
[Black "Sai, Prasath Karthikeyan"]
[Result "1/2-1/2"]
[WhiteElo "1456"]
[BlackElo "1611"]
[PlyCount "198"]
[EventDate "2024.12.26"]
[EventType "swiss"]
[EventRounds "9"]
[EventCountry "OMN"]
[SourceTitle "CB01_2025"]
[SourceDate "2025.01.01"]
[SourceVersion "1"]
[SourceVersionDate "2025.01.01"]
[SourceQuality "1"]

1. e4 e5 2. d3 Nf6 3. h3 h6 4. Nf3 Nc6 5. a3 Bc5 6. b4 Bd4 7. c3 Bb6 8. a4 a5 9. b5 Ne7 10. Nxe5 d6 11. Nf3 Ng6 12. Be2 Ne5 13. Nxe5 dxe5 14. Bf3 0-0 15. 0-0 Re8 16. Re1 c6 17. Na3 Be6 18. Be3 Bxe3 19. Rxe3 g6 20. d4 Nd7 21. bxc6 bxc6 22. dxe5 Nxe5 23. Qd4 Nxf3+ 24. Rxf3 Rb8 25. Qc5 Qb6 26. Qe3 Qb2 27. Qc1 Qxc1+ 28. Rxc1 Bb3 29. Re3 Bxa4 30. Nc4 Ra8 31. Ra1 Bc2 32. Ree1 Rxe4 33. Rxe4 Bxe4 34. Rxa5 Rxa5 35. Nxa5 f5 36. f3 Bd5 37. c4 Be6 38. Nxc6 Bxc4 39. Ne5 Bf7 40. Kf2 Kg7 41. Ke3 Kf6 42. f4 h5 43. h4 Be6 44. g3 Bf7 45. Kd4 Be6 46. Kc5 Bc8 47. Kd6 Be6 48. Nf3 Bc4 49. Ng5 Bg8 50. Nf3 Be6 51. Nd4 Bc8 52. Nc6 Be6 53. Nd8 Bc8 54. Nc6 Be6 55. Ne7 Kf7 56. Nc6 Kf6 57. Ne7 Bf7 58. Nc8 Bc4 59. Nb6 Be6 60. Na4 Bc4 61. Nc3 Be6 62. Ne2 Bc4 63. Nd4 Bf7 64. Nf3 Be6 65. Ng5 Bg8 66. Kc5 Ke7 67. Kd4 Kd6 68. Nf3 Bf7 69. Ne5 Be8 70. Nf3 Bf7 71. Ng5 Bg8 72. Nh3 Ke7 73. Ke5 Be6 74. Ng5 Bg8 75. Nf3 Be6 76. Nd4 Bd7 77. Nb3 Be6 78. Nc5 Bf7 79. Nb7 Be6 80. Nd8 Bd7 81. Nb7 Be6 82. Nd6 Bd7 83. Nc4 Be6 84. Nd6 Bd7 85. Nc4 Be6 86. Ne3 Bf7 87. Nc2 Bb3 88. Nd4 Ba4 89. Nxf5+ gxf5 90. Kxf5 Be8 91. Kg5 Ke6 92. f5+ Ke5 93. g4 hxg4 94. Kxg4 Bd7 95. h5 Bxf5+ 96. Kg5 Bb1 97. h6 Bf5 98. Kh5 Kf6 99. h7 Bxh7 1/2-1/2